Communes de la métropole de Nice - Statistiques

Statistiques générales
  • Ce quiz a été pris 252 fois
  • Le résultat moyen est 14 sur 49
Statistiques - réponses
Population Ville % Correct
340.017 Nice
95%
28.453 Saint-Laurent du Var
78%
50.928 Cagnes-sur-Mer
75%
5.091 Villefranche-sur-Mer
64%
12.329 Carros
59%
2.239 Eze
53%
10.017 La Trinité
52%
3.715 Beaulieu-sur-Mer
49%
1.573 Saint-Jean-Cap-Ferrat
47%
18.465 Vence
43%
4.738 Levens
41%
2.187 Aspremont
36%
4.594 Cap d'Ail
36%
3.424 Colomars
36%
681 Isola
35%
3.000 Saint-Martin-du-Var
34%
567 La Tour
32%
5.458 Saint-André de la Roche
30%
1.992 Falicon
29%
6.623 La Gaude
28%
4.951 Tourette-Levens
28%
1.616 Castagniers
26%
1.411 Saint-Martin-Vésubie
26%
1.531 Saint-Étienne-de-Tinée
25%
4.128 Saint-Jeannet
25%
4.117 Gattières
22%
1.413 Le Broc
22%
1.596 Gilette
21%
1.841 Roquebillière
19%
140 Duranus
18%
1.312 Lantosque
17%
1.019 Saint-Blaise
17%
873 Utelle
17%
638 Clans
16%
853 Valdeblore
16%
105 Marie
15%
308 Saint-Sauveur-sur-Tinée
15%
737 Bonson
14%
940 La Roquette-sur-Var
12%
118 Saint-Dalmas-le-Selvage
12%
677 Belvédère
11%
575 La Bollène-Vésubie
11%
105 Bairols
9%
121 Roubion
9%
167 Tournefort
9%
91 Rimplas
8%
159 Venanson
8%
193 Ilonse
7%
173 Roure
7%
Aucun quiz correspondant
Distribution des résultats
% des personnes avec chaque résultat
Percentile par nombre de réponses
Votre historique - résultats
Vous n’avez pas pris ce quiz